Sectas : cuando el paraíso es un infierno /

Guardado en:
Autor Principal: Silletta, Alfredo
Formato: Libro
Publicado: Buenos Aires : Beas, 1993
Series:Colección Nuevo Saber
Materias:
Etiquetas: Agregar Etiqueta
Sin Etiquetas, Sea el primero en etiquetar este registro!
LEADER 00797nam a22002175a 4500
001 CEM.cems007311
005 20060214000000.0
008 130507s1993##################000#0#####d
003 CEMS
082 0 4 |a 290 
100 1 |a Silletta, Alfredo 
245 1 0 |a Sectas :  |b cuando el paraíso es un infierno / 
260 |a Buenos Aires :  |b Beas,  |c 1993 
300 |a 211 p. 
490 0 |a Colección Nuevo Saber 
505 0 |a 1. Introducci¢n al mundo sectario. 2. Lideres: Psicopatas o iluminados? 3. Jovenes y lavado de cerebro. 4. El drama de las familias afectadas. 5. C¢mo actuar ante las sectas. 6. Conocer es prevenir. 
653 |a Donacion c. basico 
653 |a Ley de cultos-argentina 
653 |a Lideres religiosos 
653 |a Sectas 
859 |a CEMS  |b BIB. CEMS - 11 de abril  |h 290  |i Si35  |p 17161.93  |t Ej.1